| 000 | 00854nmm a2200277 a 4500 | ||
|---|---|---|---|
| 003 | AR-BaBNM | ||
| 005 | 20251128211511.0 | ||
| 008 | 124120s1989 ||||||||||||||000 | spa|| | ||
| 020 | _a950-9095-76-1 | ||
| 040 | _cAR-BaBNM | ||
| 100 | 1 | _aRamallo, Jorge María | |
| 245 | 1 | 0 | _aHistoria de la educación y política educacional argentina |
| 260 |
_aBuenos Aires _bBraga _c1989 |
||
| 300 | 0 | _a191 p. | |
| 500 | 0 | _aDe acuerdo con el programa oficial del Profesorado para la Enseñanza Primaria | |
| 500 | 0 | _aEjemplar nº 135485: contiene dedicatoria del autor | |
| 504 | _aContiene bibliografía p. 183-189 | ||
| 650 | 4 | _aHISTORIA DE LA EDUCACION | |
| 650 | 4 | _aPOLITICA EDUCATIVA | |
| 650 | 4 | _aLIBROS DE TEXTO | |
| 650 | 4 | _aFORMACION DE DOCENTES | |
| 651 | _aArgentina | ||
| 653 | _aEDUCACION SUPERIOR | ||
| 942 | _cBK | ||
| 998 | _craquel | ||
| 999 |
_c19925 _d19925 |
||